LEADER 00956nam a2200265 i 4500 001 000000088744 003 CaOOAMICUS 005 20180830150036.0 008 180830s1945 xx u000 u und u 013 $a60985 020 $a88- 040 $aSeMil$bita 100 1 $aLe Fort, Gertrud : von,$d<1876-1971>.$0(OLS)http://semarc/name/91655 245 13$aLa donna eterna. 260 $aMilano :$bIPL,$c1945. 300 $a160 p. 650 4$aBiologia.$0(OLS)http://semarc/subject/3115 650 4$aSociologia.$0(OLS)http://semarc/subject/3570 650 4$aDonna.$0(OLS)http://semarc/subject/7169 650 4$aPsicologia.$0(OLS)http://semarc/subject/1671 850 $aSeMil 852 $aSeMil$W1$xVenegono$y1$m158 3 7 *$j51965$B51965$CSeMilBibl$Z2$F56344 $81 996 $6020$a88-$9(OLS)http://semarc/number/719 996 $6245$aLa donna eterna$9(OLS)http://semarc/title/134590 996 $6260$aMilano :$bIPL$9(OLS)http://semarc/publisher/30350 LEADER 01353nam a2200301 i 4500 001 000000123062 003 CaOOAMICUS 005 20061129000000.0 008 061129s1966 it u000 u ita u 013 $a95757 040 $aSeMil$bita 100 1 $aLiotard, Jean-Etienne.$0(OLS)http://semarc/name/51120 245 10$aJean-Etienne Liotard /$c[Giovanni Previtali]. 246 04$iTitolo in copertina:$aLiotard 260 $aMilano :$bFabbri,$ccopyr. 1966. 300 $a[8] p., 16. p. di tav. :$briccamente ill. ;$c36 cm. 490 0 $aI maestri del colore : la pił grande collana d'arte del mondo ;$v240 500 $aFormulazione di responsabilitą ricavata dal testo. - Fondo Card. C.M. Martini. 650 4$aLiotard, Jean-Etienne.$0(OLS)http://semarc/subject/23424 700 1 $aPrevitali, Giovanni <1934-1988>.$0(OLS)http://semarc/name/89584 830 2$aI maestri del colore : la pił grande collana d'arte del mondo ;$v240.$0(OLS)http://semarc/title/2091 850 $aSeMil 852 $aSeMil$W1$xVenegono$y1$m5H XII 8/240$j77862$B77862$CSeMilBibl$Z2$F80042 $81 941 1 $a4 961 $aOmaggio: Martini Card. Carlo Maria 996 $6245$aJean-Etienne Liotard$9(OLS)http://semarc/title/181078 996 $6246$aLiotard$9(OLS)http://semarc/title/181079 996 $6260$aMilano :$bFabbri$9(OLS)http://semarc/publisher/30054